| 000 | 00739nac a22001931u 4500 | ||
|---|---|---|---|
| 020 | _a0538441836 | ||
| 082 |
_a621.367 _bL1921 |
||
| 090 |
_c4304 _d4304 |
||
| 100 | _aLake, Susan E. | ||
| 245 |
_amultimedia and image management / _cSusan E. Lake and Karen Bean |
||
| 260 |
_aSt. Paul, MN : _bThomson/West,2006 _c2006 |
||
| 300 |
_a390p.: _bcol. ill.; _c25 cm. |
||
| 504 | _aIncludes index | ||
| 650 |
_aImage processing _v Congresses _x Digital techniques |
||
| 650 |
_a Multimedia systems _v Congresses |
||
| 700 | _aBean, Karen | ||
| 942 |
_cBB _k621.367 L1921 |
||
| 999 |
_c4304 _d4304 |
||